000 00613nam a2200241Ia 4500
003 OSt
005 20220918192258.0
006 a|||||r|||| 00| 0
007 ta
008 220917b |||||||| |||| 00| 0 eng d
024 _a67,747
037 _cTextual
040 _aARTS
_cARTS
_beng
041 _2eng
_aeng
082 _aR3xM461:1, D9
100 _aEucken Rudolf
_978811
245 0 _aLife of the spirit tr by F L Pogson
250 _a2nd
260 _c1909
490 _aCrown theological library; 26
942 _hR3xM461:1, D9
_cTEXL
_2CC
999 _c193980
_d193980